| 000 | 01886nam1a2200337 i 4500 | ||
|---|---|---|---|
| 001 | RU\NLR\bibl\44052 | ||
| 005 | 20260407043554.0 | ||
| 035 | _a(NLR Aleph) 000042956 | ||
| 090 |
_a225868 _c225868 |
||
| 100 | _a19990819g19 9999k y0rusy50 ca | ||
| 101 | 0 | _arus | |
| 102 | _aRU | ||
| 105 | _a||||z ||||| | ||
| 200 | 1 |
_aВопросы грамматической и лексической типологии. Проблемы преподавания иностранных языков в высшей и средней школе _eМатериалы междунар. конф. "21-е Дульзоновские чтения" _f[Отв. ред. д. филол. н., проф. О.А. Осипова] |
|
| 210 |
_aТомск _cТом. гос. пед. ун-т _d1998 |
||
| 215 | _d20 | ||
| 300 | _aВ надзаг.: М-во общ. и проф. образования Рос. Федерации, Том. гос. пед. ун-т | ||
| 463 | 0 | _100141593 | |
| 606 |
_aЯзыкознание _jСъезды,совещания и т.п. _9911558 _3RU\NLR\auth\6613279 |
||
| 606 |
_aИностранные языки _jСъезды, совещания и т.п. _xПреподавание _91409738 _3RU\NLR\auth\66282140 |
||
| 606 |
_aИностранные языки _jСборники _xПреподавание _91409738 _3RU\NLR\auth\66282140 |
||
| 686 | _aШ10я431 | ||
| 686 | _aЧ426.17(2)я431 | ||
| 686 | _aЧ486.17(2)я431 | ||
| 702 | 1 |
_4340 _8rus _7ca _aОсипова _bО. А. _cд-р филол. наук _f1927-2013 _gОльга Андреевна _3RU\NLR\auth\77114119 _997044 |
|
| 711 | 1 | 2 |
_4070 _a"Дульзоновские чтения", международная конференция _d21 _f1998 _eТомск _3RU\NLR\AUTH\8810016042 _9529928 |
| 801 | 0 |
_aRU _bNLR _c19990819 _gPSBO |
|
| 801 | 1 |
_aRU _bNLR _c19990819 |
|
| 852 |
_aNLR _j99-3/8935 |
||
| 942 | _cBOOK | ||